[Event "Luzern ol (Men)"]
[Site "Luzern"]
[Date "1982.??.??"]
[Round "13"]
[White "Day, Lawrence A"]
[Black "Ftacnik, Lubomir"]
[Result "0-1"]
[WhiteElo "2410"]
[BlackElo "2535"]

1.e4 g6 2.d4 Bg7 3.Nc3 d6 4.Be3 Nf6 5.h3 c5 6.dxc5 Qa5 7.Qd2 dxc5 8.e5 Nfd7
9.e6 fxe6 10.Bh6 Bf6 11.g4 Nc6 12.f4 Nb6 13.h4 Bd7 14.Nf3 O-O-O 15.Nd1 Qxd2+
16.Nxd2 Nb4 17.Rc1 Nxa2 18.Rb1 Nb4 19.c3 Bc6 20.Rh2 Nc2+ 21.Ke2 Bb5+ 22.Kf3 Ne1+
23.Kg3 Bxf1 24.Nxf1 e5 25.g5 exf4+ 26.Kxf4 e5+ 27.Ke4 Be7 28.Nf2 Nc2 29.Rc1 Nd4
30.cxd4 exd4 31.Nd3 Nd7 32.b4 b6 33.Ra2 Kb7 34.b5 Rhe8 35.Kf3 Bd6 36.Kg2 Re4
37.Rf2 a6 38.bxa6+ Kxa6 39.Rf7 Rxh4 40.Rxh7 Ne5 41.Ra1+ Kb5 42.Nxe5 Bxe5
43.Re7 Bf4 44.Kf3 d3 45.Rb1+ Kc6 46.Re4 d2 47.Rd1 Rd3+ 48.Ke2 Rd7 49.Ne3 Rh2+
50.Kf3 Bxe3 51.Kxe3 b5 52.Kf3 Rd3+ 53.Kg4 Kd5 54.Re8 Kc4 55.Re5 Rg2+ 56.Kf4 Rf2+
57.Kg4 Rc3 58.Re4+ Kb3 59.Ra1 Rc1  0-1

[Event "Manila"]
[Site "Manila"]
[Date "1982.??.??"]
[Round "?"]
[White "Sveshnikov, Evgeny"]
[Black "Lobron, Eric"]
[Result "0-1"]
[WhiteElo "2495"]
[BlackElo "2470"]

1.e4 g6 2.d4 Bg7 3.Nc3 d6 4.Be3 a6 5.a4 Nf6 6.h3 O-O 7.g3 c5 8.Nge2 cxd4
9.Nxd4 Bd7 10.Bg2 Nc6 11.O-O Ne5 12.Nde2 Rc8 13.Ra2 Nc6 14.Ra3 Na5 15.b3 Qc7
16.Qd2 Rfd8 17.Raa1 Be8 18.Rad1 b5 19.axb5 axb5 20.Rc1 Nb7 21.Bd4 e6 22.Qe3 Nc5
23.e5 dxe5 24.Bxe5 Qe7 25.Rfd1 h6 26.Ra1 Kh7 27.Rxd8 Qxd8 28.Rd1 Qa5 29.Bf3 b4
30.Nb1 Ncd7 31.Bd6 Rxc2 32.Nd4 Nd5 33.Qe1 Rc8 34.Nxe6 fxe6 35.Qxe6 N5f6 36.Nd2 Qf5
37.Qe7 Nd5 38.Qe1 N7f6 39.g4 Qd7 40.Nc4 Bf7 41.Bxb4 Re8 42.Qd2 Ne4 43.Qd3 Nxf2
44.Kxf2 Qa7+ 45.Kg2 Nf4+  0-1

[Event "Manila"]
[Site "Manila"]
[Date "1982.??.??"]
[Round "?"]
[White "Mascarinas, Rico"]
[Black "Torre, Eugenio"]
[Result "0-1"]
[WhiteElo "2410"]
[BlackElo "2535"]

1.e4 g6 2.d4 Bg7 3.Nc3 d6 4.Nf3 Nf6 5.Be2 O-O 6.O-O c5 7.d5 Na6 8.Bc4 Nc7
9.Qe2 Bg4 10.a4 Nd7 11.h3 Bxf3 12.Qxf3 Ne5 13.Qe2 Nxc4 14.Qxc4 b6 15.Qe2 a6
16.Nd1 Qd7 17.c4 b5 18.Ra2 bxc4 19.Qxc4 Nb5 20.Bd2 Nd4 21.Bc3 e5 22.dxe6 fxe6
23.Ne3 Rf4 24.f3 d5 25.Qxc5 Rc8 26.Qb6 dxe4 27.fxe4 Ne2+ 28.Kh2 Rxf1 29.Bxg7 Re1
30.Be5 Rcc1 31.g3 Ng1 32.b3 Nf3+ 33.Kg2 Nxe5 34.Qb8+  0-1

[Event "Marbella zt-A"]
[Site "Marbella"]
[Date "1982.??.??"]
[Round "2"]
[White "Gallego Eraso, Francisco"]
[Black "McNab, Colin Anderson"]
[Result "1-0"]
[WhiteElo "2200"]
[BlackElo "2340"]

1.e4 g6 2.d4 d6 3.Nc3 Bg7 4.f4 Nc6 5.Be3 Nf6 6.Nf3 O-O 7.Qd2 Ng4 8.Bg1 e5
9.d5 Nb8 10.h3 Nf6 11.fxe5 dxe5 12.O-O-O Nbd7 13.g4 a6 14.Bd3 Qe7 15.Be3 b5
16.Rdg1 Nc5 17.Qf2 Nfd7 18.h4 b4 19.Ne2 b3 20.axb3 Nxd3+ 21.cxd3 a5 22.Nc3 Ba6
23.h5 Rfb8 24.hxg6 hxg6 25.Ng5 Rxb3 26.d6 cxd6 27.Qh4 Nf8 28.Rf1 f6 29.Nh7 g5
30.Qh5 Qf7 31.Nxf6+ Bxf6 32.Qxf7+ Kxf7 33.Bxg5 Nd7 34.Bxf6 Nc5 35.Rh7+  1-0

[Event "Marbella zt-A"]
[Site "Marbella"]
[Date "1982.??.??"]
[Round "6"]
[White "Van der Wiel, John TH"]
[Black "McNab, Colin Anderson"]
[Result "1-0"]
[WhiteElo "2470"]
[BlackElo "2340"]

1.e4 g6 2.d4 d6 3.Nc3 Bg7 4.f4 Nc6 5.Be3 Nf6 6.Nf3 O-O 7.Be2 e5 8.fxe5 dxe5
9.d5 Ne7 10.O-O Ng4 11.Bc5 b6 12.Nd2 bxc5 13.Bxg4 Bxg4 14.Qxg4 c6 15.d6 Qxd6
16.Rad1 Qd4+ 17.Kh1 Qb4 18.Nb3 c4 19.a3 Qb8 20.Nc5 Qxb2 21.N3a4 Qxc2 22.Qd7 Rae8
23.Rd2  1-0

[Event "Marbella zt-A"]
[Site "Marbella"]
[Date "1982.??.??"]
[Round "8"]
[White "Van der Wiel, John TH"]
[Black "Short, Nigel D"]
[Result "1/2-1/2"]
[WhiteElo "2470"]
[BlackElo "2430"]

1.e4 g6 2.d4 Bg7 3.Nc3 d6 4.f4 Nf6 5.Nf3 O-O 6.Bd3 Na6 7.e5 Nd7 8.Be3 Nb6
9.a3 c5 10.Bxa6 cxd4 11.Bxd4 bxa6 12.exd6 Qxd6 13.Bxg7 Qxd1+ 14.Rxd1 Kxg7
15.Rd4 Bf5 16.Kd2 Rac8 17.b3  1/2-1/2

[Event "Marbella zt-B"]
[Site "Marbella"]
[Date "1982.??.??"]
[Round "8"]
[White "Klauner, Thei"]
[Black "Stean, Michael"]
[Result "0-1"]
[WhiteElo "2200"]
[BlackElo "2505"]

1.e4 g6 2.d4 d6 3.Nc3 Bg7 4.Bc4 Nf6 5.Qe2 Nc6 6.e5 Ng4 7.Bb5 O-O 8.Bxc6 bxc6
9.h3 Nh6 10.Nf3 Be6 11.Bf4 Kh8 12.O-O Qd7 13.Ne4 f6 14.exf6 exf6 15.Bxh6 Bxh6
16.Rfe1 Rae8 17.Qf1 Bf5 18.Ng3 Be6 19.c4 f5 20.b3 Bg7 21.Rad1 f4 22.Ne2 h6
23.d5 cxd5 24.cxd5 Bg8 25.Nc1 g5 26.Qc4 Rxe1+ 27.Nxe1 Qe7 28.Ne2 Re8 29.Nd4 Qxe1+
30.Rxe1 Rxe1+ 31.Kh2 Re4 32.Qxc7 Rxd4 33.Qxd6 Rxd5 34.Qa6 Rd7 35.a4 Kh7 36.b4 Bf7
37.b5 Be5 38.Qc6 Rd5 39.a5 Kg7 40.f3 Rd1 41.b6 Bd4 42.h4 g4 43.fxg4 Bg1+
44.Kh1 Bf2+  0-1

[Event "POL-ch"]
[Site "POL"]
[Date "1982.??.??"]
[Round "?"]
[White "Pokojowczyk, Jerzy"]
[Black "Dobrzynski, Wojciech"]
[Result "1/2-1/2"]
[WhiteElo "2450"]
[BlackElo "2310"]

1.e4 g6 2.d4 Bg7 3.Nc3 d6 4.f4 Nf6 5.Nf3 O-O 6.Bd3 Nc6 7.O-O e5 8.d5 Nb4
9.fxe5 dxe5 10.Be2 Ne8 11.Bg5 f6 12.Bh4 Qe7 13.Nd2 a5 14.Na4 Bh6 15.g4 Be3+
16.Bf2 Bxf2+ 17.Rxf2 Na6 18.Rc1 Nc5 19.Nxc5 Qxc5 20.Nb3 Qe3 21.Qd2 Qxd2 22.Nxd2 c5
23.dxc6 bxc6 24.c3 Nc7 25.Nc4 Kg7 26.Rd1 Ne6 27.Rd6 Nc5 28.Rxc6 Nxe4 29.Rc7+ Kh6  1/2-1/2

[Event "Bohemians"]
[Site "Prague"]
[Date "1982.??.??"]
[Round "4"]
[White "Gazik, Igor"]
[Black "Nicevski, Risto"]
[Result "1-0"]
[WhiteElo "2335"]
[BlackElo "2370"]

1.e4 g6 2.d4 d6 3.Nc3 Bg7 4.Be3 c6 5.Qd2 b5 6.Bd3 Nd7 7.f4 Ngf6 8.Nf3 O-O
9.f5 Nb6 10.b3 a5 11.O-O b4 12.Ne2 d5 13.exd5 Nbxd5 14.Bh6 Ba6 15.fxg6 hxg6
16.Ng3 e6 17.Bc4 Bxh6 18.Qxh6 Ng4 19.Qd2 Kg7 20.Rae1 Ngf6 21.Ne5 Bb5 22.Qg5 Rh8
23.Rf2 Nc7 24.Bxb5 cxb5 25.Nc6 Nh7 26.Nh5+ Kg8 27.Qh6 gxh5 28.Nxd8 Rxd8 29.Re3  1-0

[Event "Bohemians"]
[Site "Prague"]
[Date "1982.??.??"]
[Round "8"]
[White "Gazik, Igor"]
[Black "Kosanski, Stanko"]
[Result "0-1"]
[WhiteElo "2335"]
[BlackElo "2420"]

1.e4 g6 2.d4 Bg7 3.Nc3 d6 4.Be3 c6 5.Qd2 b5 6.f3 a6 7.g4 Nd7 8.Rd1 Qa5 9.a3 Nb6
10.b3 d5 11.e5 h5 12.Ra1 Nd7 13.Bd3 hxg4 14.fxg4 Nxe5 15.dxe5 Bxe5 16.Nge2 b4
17.Na4 Qc7 18.O-O Bxa1 19.Rxa1 Qxh2+ 20.Kf1 Bxg4 21.axb4 Qh1+ 22.Ng1 Rh2
23.Bf2 Nf6 24.Qf4 Qg2+ 25.Ke1 Ne4 26.Bxe4 dxe4 27.Nc5 Bf3 28.Qe3 Rd8 29.Nxa6 g5
30.Qb6 f5 31.Qxc6+ Kf8 32.Qc5 Rd5  0-1

[Event "Bohemians"]
[Site "Prague"]
[Date "1982.??.??"]
[Round "12"]
[White "Prandstetter, Eduard"]
[Black "Kosanski, Stanko"]
[Result "1-0"]
[WhiteElo "2410"]
[BlackElo "2420"]

1.e4 g6 2.d4 Bg7 3.Nc3 d6 4.g3 Nc6 5.Be3 e5 6.dxe5 Nxe5 7.f4 Nc6 8.Qd2 Be6
9.Nf3 Nge7 10.Nd4 Qd7 11.Bg2 Bh3 12.O-O Bxg2 13.Kxg2 f5 14.exf5 Nxf5 15.Nxf5 Qxf5
16.Qd3 O-O-O 17.Qxf5+ gxf5 18.Nd1 Rhe8 19.Bg1 Re2+ 20.Rf2 Rde8 21.c3 d5 22.Rxe2 Rxe2+
23.Kf3 Rd2 24.Ke3 Rc2 25.Bf2 Nb4 26.cxb4 Bxb2 27.Nxb2 Rxb2 28.Rd1 c6 29.a3 Ra2
30.Rd2 Rxa3+ 31.Kd4 a5 32.bxa5 Rxa5 33.Ke5 d4+ 34.Ke6 c5 35.g4 fxg4 36.f5 Kd8
37.Bg3 b5 38.f6 Ra7 39.Ra2 Rxa2 40.f7 Re2+ 41.Kd6  1-0

[Event "Randers zt-A"]
[Site "Randers"]
[Date "1982.??.??"]
[Round "1"]
[White "Lobron, Eric"]
[Black "Hoi, Carsten"]
[Result "1-0"]
[WhiteElo "2440"]
[BlackElo "2425"]

1.e4 g6 2.d4 Bg7 3.Nc3 d6 4.Nf3 Nf6 5.h3 O-O 6.Be3 Na6 7.Bd3 c5 8.e5 Nd7
9.exd6 exd6 10.O-O Nb4 11.Bb5 cxd4 12.Nxd4 Ne5 13.a3 Nbc6 14.f4 Nxd4 15.Bxd4 Nc6
16.Bxg7 Kxg7 17.Bxc6 bxc6 18.Qd4+ Qf6 19.Qxf6+ Kxf6 20.Ne4+ Ke7 21.Rae1 Be6
22.g4 d5 23.f5 gxf5 24.gxf5 Bc8 25.Ng5+ Kd6 26.Nxh7 Rh8 27.Nf6 Rxh3 28.Ne8+ Kc5
29.Re7 a5 30.b3 Rb8 31.f6 Bg4 32.Rf4 Bh5 33.Ra4 Kb6 34.b4 Ra8 35.Kg2 Rc3
36.bxa5+ Rxa5 37.Rb4+ Rb5 38.Nd6 Rxb4 39.axb4 Rf3 40.Rb7+ Ka6 41.Rc7 Rc3
42.Nxf7 Rxc2+ 43.Kg3 Kb6 44.Re7 Rc3+ 45.Kf4 Rf3+ 46.Ke5 Re3+ 47.Kd6 Rf3 48.Nd8 Rxf6+
49.Ke5 Rf1 50.Rb7+ Ka6 51.Rb8 Rc1 52.Kd6 Ka7 53.Rb7+ Ka6 54.Kc7 Be8 55.Ne6 d4
56.Rb6+  1-0

[Event "Randers zt-B"]
[Site "Randers"]
[Date "1982.??.??"]
[Round "6"]
[White "Rantanen, Yrjo A"]
[Black "Feustel, Bernd"]
[Result "1-0"]
[WhiteElo "2425"]
[BlackElo "2365"]

1.e4 g6 2.d4 Bg7 3.Nc3 d6 4.Be3 Nd7 5.h3 a6 6.a4 e6 7.Qd2 h6 8.Nge2 b6 9.g3 Bb7
10.Bg2 Ne7 11.O-O Rb8 12.Rad1 Qc8 13.b3 h5 14.d5 O-O 15.Bh6 e5 16.Bxg7 Kxg7
17.f4 Ng8 18.fxe5 Nxe5 19.Nd4 Nh6 20.Nce2 Qd7 21.Nf4 Kh7 22.Nxh5 gxh5 23.Rf6 Ng6
24.Nf5 Nxf5 25.exf5 Kg7 26.Qg5 Qd8 27.Rxg6+ fxg6 28.Qxg6+ Kh8 29.Qxh5+ Kg8
30.Qg6+ Kh8 31.Rd4 Qf6 32.Qh5+ Kg8 33.Rg4+ Qg7 34.Rxg7+ Kxg7 35.Qg6+ Kh8
36.f6 Rg8 37.Qh5+  1-0

[Event "Randers zt-f"]
[Site "Randers"]
[Date "1982.??.??"]
[Round "6"]
[White "Gruenfeld, Yehuda"]
[Black "Lobron, Eric"]
[Result "1-0"]
[WhiteElo "2505"]
[BlackElo "2440"]

1.e4 g6 2.d4 Bg7 3.Nc3 d6 4.f4 Nf6 5.Nf3 O-O 6.Bd3 Na6 7.O-O c5 8.d5 Rb8
9.Kh1 Bg4 10.a3 Nc7 11.Qe1 b5 12.Qh4 Bxf3 13.Rxf3 c4 14.Be2 e6 15.dxe6 fxe6
16.Rh3 a5 17.Be3 b4 18.axb4 axb4 19.Na4 h6 20.Bxc4 Nxe4 21.Qxd8 Rbxd8 22.Bd3 d5
23.Re1 Ra8 24.b3 Nc3 25.Nc5 Ra5 26.Nd7 Rfa8 27.Rf3 Ra1 28.Rff1 Rxe1 29.Rxe1 Ne4
30.Ne5 g5 31.g3 Ra2 32.Kg2 Na6 33.Nd7 gxf4 34.gxf4 Kf7 35.Kf3 Nd6 36.Bf2 Nf5
37.Ne5+ Kg8 38.Nc6 Nc7 39.Nxb4 Rb2 40.Nc6 Bc3 41.Rg1+ Kf7 42.Ra1 Ne8 43.Ne5+ Kf6
44.Ng4+ Kf7 45.Ra7+ Kg6 46.Ra6 Ng7 47.Ne3  1-0

[Event "Reykjavik op"]
[Site "Reykjavik"]
[Date "1982.??.??"]
[Round "?"]
[White "Fridjonsson, Joffus"]
[Black "Goodman, David SC"]
[Result "1-0"]
[WhiteElo "2260"]
[BlackElo "2345"]

1.e4 g6 2.d4 d6 3.Nc3 Bg7 4.Be3 Nf6 5.f3 c6 6.a4 a5 7.Qd2 Nbd7 8.Nge2 O-O
9.Nc1 e5 10.Nb3 Qc7 11.O-O-O b6 12.Be2 Bb7 13.g4 Rfd8 14.h4 d5 15.exd5 Nxd5
16.Nxd5 cxd5 17.h5 exd4 18.Bh6 Nc5 19.Kb1 Nxb3 20.cxb3 Bh8 21.f4 Re8 22.Bd3 Re4
23.f5 Rae8 24.hxg6 fxg6 25.Rdf1 Qe5 26.fxg6 hxg6 27.Qf2 Qe7 28.Bg5 Qg7 29.Rxh8+ Kxh8
30.Bf6 Re1+ 31.Ka2  1-0

[Event "Reykjavik op"]
[Site "Reykjavik"]
[Date "1982.??.??"]
[Round "?"]
[White "Arnason, Jon L"]
[Black "Goodman, David SC"]
[Result "1-0"]
[WhiteElo "2445"]
[BlackElo "2345"]

1.e4 g6 2.d4 d6 3.Nc3 Bg7 4.f4 Nc6 5.Be3 Nf6 6.h3 O-O 7.g4 e5 8.dxe5 dxe5
9.f5 h6 10.Nf3 Qe7 11.g5 hxg5 12.Bxg5 Qb4 13.a3 Qc5 14.Qd2 Nd4 15.Qg2 Nh5
16.O-O-O c6 17.Nh4 b5 18.Be2 Nf4 19.Bxf4 exf4 20.Bd3 b4 21.Na4 Qa5 22.Nxg6 bxa3
23.Ne7+ Kh7 24.e5 Bh6 25.f6+ Bf5 26.Nxf5 Nxf5 27.Qe4 Rg8 28.Qxf5+ Rg6 29.Qd7 axb2+
30.Kb1 Qxa4 31.Bxg6+ Kh8 32.c3 fxg6 33.Qb7 Re8 34.Qb4 Qa1+ 35.Kc2 Qa6 36.f7  1-0

[Event "Rostock"]
[Site "Rostock"]
[Date "1982.??.??"]
[Round "?"]
[White "Rossmann, Helmut"]
[Black "Zoltek, Tadeusz"]
[Result "1-0"]
[WhiteElo "2290"]
[BlackElo "2305"]

1.e4 g6 2.d4 Bg7 3.Nc3 d6 4.Nf3 c6 5.a4 Nf6 6.Be2 O-O 7.O-O a5 8.Be3 Na6
9.Nd2 d5 10.e5 Ne8 11.Nf3 Bg4 12.Ng5 Bxe2 13.Nxe2 Nac7 14.f4 f6 15.Nf3 f5
16.h3 Ne6 17.g4 N8c7 18.Qd2 Qd7 19.Ng3 Rf7 20.gxf5 gxf5 21.Kh2 Bh6 22.Rg1 Kh8
23.Rg2 b6 24.Rag1 c5 25.Nh5 Qxa4 26.c3 cxd4 27.Bxd4 Nb5 28.Be3 Qe4 29.Qf2 Rff8
30.Nd2 Qd3 31.Bxb6 d4 32.Rg3 Qc2 33.cxd4 Nbxd4 34.Bxd4 Nxd4 35.Qxd4 Rad8
36.Qb6 Rxd2+ 37.R1g2 Rxg2+  1-0

[Event "Rostock"]
[Site "Rostock"]
[Date "1982.??.??"]
[Round "?"]
[White "Kiss, Attila"]
[Black "Zoltek, Tadeusz"]
[Result "1/2-1/2"]
[WhiteElo "2285"]
[BlackElo "2305"]

1.e4 g6 2.d4 Bg7 3.Nc3 d6 4.Bc4 c6 5.Bb3 Nf6 6.Nf3 O-O 7.Qe2 Nfd7 8.h4 h5
9.Bg5 Nf6 10.O-O-O Nh7 11.Qe3 a5 12.Bh6 b5 13.Bxg7 Kxg7 14.a4 bxa4 15.Nxa4 Bg4
16.Rdg1 Nd7 17.Nd2 Nb6 18.f3 Bd7 19.g4 hxg4 20.fxg4 Rb8 21.g5 Nxa4 22.Bxa4 Qb6
23.b3 e5 24.Nc4 Qxd4 25.Qxd4 exd4 26.Nxd6 Rfd8 27.e5 c5 28.Bxd7 Rxd7 29.h5 Re7
30.Nc4 a4 31.Kb2 axb3 32.cxb3 Reb7 33.Rg3 Rb4 34.Kc2 Ra8 35.Kb2 Rab8 36.Kc2 Ra8
37.Kb2 Rab8 38.Kc2  1/2-1/2

[Event "Sarajevo"]
[Site "Sarajevo"]
[Date "1982.??.??"]
[Round "?"]
[White "Kurajica, Bojan"]
[Black "Arapovic, Vitomir"]
[Result "1-0"]
[WhiteElo "2510"]
[BlackElo "2370"]

1.d4 g6 2.e4 Bg7 3.Nc3 d6 4.Be3 c6 5.f4 b5 6.a3 a6 7.Nf3 Nf6 8.h3 O-O 9.Bd3 Nbd7
10.e5 Nd5 11.Nxd5 cxd5 12.h4 dxe5 13.dxe5 Nb6 14.h5 Bg4 15.Rh4 d4 16.Bf2 Qd7
17.Be4 Bxf3 18.Qxf3 Rab8 19.Rd1 g5 20.h6 Bxe5 21.fxe5 f5 22.Bc6 Qe6 23.Rhxd4 Qxh6
24.Bd5+ e6 25.Bb3 Kh8 26.Qh3 Qg7 27.Kf1 g4 28.Qe3 Nc4 29.Bxc4 bxc4 30.Bh4  1-0

[Event "Smederevska Palanka"]
[Site "Smederevska Palanka"]
[Date "1982.??.??"]
[Round "2"]
[White "Nikolic, Zivoslav"]
[Black "Matulovic, Milan"]
[Result "1/2-1/2"]
[WhiteElo "2430"]
[BlackElo "2460"]

1.d4 g6 2.e4 d6 3.Nc3 Bg7 4.Nf3 Nf6 5.Be2 O-O 6.O-O c6 7.a4 Nbd7 8.Bf4 Qc7
9.e5 Nh5 10.exd6 exd6 11.Be3 d5 12.Qd2 f5 13.Bh6 Nhf6 14.Bxg7 Kxg7 15.Ng5 Re8
16.Bd3 h6 17.Nh3 Nf8 18.f3 Bd7 19.Ne2 Re7 20.c3 a5 21.Bc2 Rae8 22.Rae1 Bc8
23.Nc1 g5 24.Nd3 f4 25.Rxe7+ Rxe7 26.Nhf2 Ng6 27.Re1 Bf5 28.Re2 Rxe2 29.Qxe2 Qe7
30.Kf1 Nd7 31.g4 fxg3 32.hxg3 Kf6 33.Qd2 Qd6 34.f4 gxf4 35.gxf4 Qe6 36.Ne5 Bxc2
37.Qxc2 Nxf4 38.Qd2 Kf5 39.Nfd3 Nxd3 40.Qxd3+ Kf6 41.Qg6+ Ke7 42.Qg7+ Kd8
43.Nxd7 Qxd7 44.Qxh6 Qf5+ 45.Ke2 Qc2+ 46.Qd2 Qb3 47.Qc1 Qc4+ 48.Kd2 Qxa4
49.Qf1 Kc7 50.Qf8 Kb6 51.Qc5+ Ka6 52.Qe7 b6 53.Qe8 Qc4 54.Kc2 a4 55.Kb1 Kb5
56.Qe7 Qb3 57.Kc1 a3 58.Qxa3 Qxa3 59.bxa3 Kc4 60.Kb2 c5 61.dxc5 bxc5 62.a4  1/2-1/2

[Event "Smederevska Palanka"]
[Site "Smederevska Palanka"]
[Date "1982.??.??"]
[Round "10"]
[White "Kurajica, Bojan"]
[Black "Nikolic, Stanimir"]
[Result "1/2-1/2"]
[WhiteElo "2510"]
[BlackElo "2385"]

1.e4 g6 2.d4 Bg7 3.Nc3 d6 4.Be3 c6 5.f4 d5 6.e5 Nh6 7.Nf3 Bg4 8.h3 Nf5 9.Bf2 Bxf3
10.Qxf3 e6 11.g4 Ne7 12.Bd3 Na6 13.Bxa6 bxa6 14.O-O h5 15.Na4 Nc8 16.b3 Bf8
17.Nb2 Nb6 18.Nd3 Qc7 19.Kg2 Ba3 20.Qe2 hxg4 21.hxg4 a5 22.Rh1 O-O-O 23.c3 Be7
24.a4 Qb7 25.Qf3 Nd7 26.Rxh8 Rxh8 27.Rb1 Kc7 28.Bg3 Qb8 29.Qf1 Qa8 30.Ne1 Qb7
31.Nf3 c5 32.Bf2 Rb8 33.Nd2 Qc6 34.Kg1 c4 35.bxc4 Rxb1 36.Qxb1 dxc4 37.f5 gxf5
38.gxf5 Nb6 39.f6 Ba3 40.Qh7 Qd7 41.Qg8 Kb7 42.Ne4 Nxa4 43.Ng5 Nxc3 44.Nxf7 Ne2+
45.Kf1 Nf4 46.Nd6+ Bxd6 47.Qg7 Kc6 48.exd6 c3 49.Be3 e5 50.Bxf4 exf4 51.f7 c2
52.d5+ Kb6 53.Qd4+ Ka6 54.Qc3 Qh3+ 55.Qxh3 c1=Q+ 56.Ke2 Qc2+ 57.Kf3 Qc3+
58.Kg4 Qc8+ 59.Kh4 Qh8+ 60.Kg4  1/2-1/2

[Event "BUL-ch playoff"]
[Site "Sofia"]
[Date "1982.??.??"]
[Round "1"]
[White "Inkiov, Ventzislav"]
[Black "Lukov, Valentin"]
[Result "1/2-1/2"]
[WhiteElo "2475"]
[BlackElo "2405"]

1.e4 g6 2.d4 d6 3.Nc3 Bg7 4.g3 e5 5.dxe5 dxe5 6.Qxd8+ Kxd8 7.Bg5+ f6 8.O-O-O+ Nd7
9.Be3 c6 10.f4 Nh6 11.h3 Kc7 12.Nf3 Nf7 13.f5 Bh6 14.Bxh6 Nxh6 15.g4 a5 16.Rg1 g5
17.h4 Nf7 18.Bc4 Nd6 19.Be6 h6 20.hxg5 hxg5 21.Rh1 Rxh1 22.Rxh1 Nc5 23.Rh7+ Kb6
24.Bxc8 Rxc8 25.Nd2 Rd8 26.a3 Nb5 27.Ne2 Nd6 28.Ng3 a4 29.Rh6 Rf8 30.Kd1 Kc7
31.Ke2 Kd7 32.Ke3 Ke7  1/2-1/2

[Event "Varna"]
[Site "Varna"]
[Date "1982.??.??"]
[Round "4"]
[White "Semkov, Semko"]
[Black "Garkov, Mitko"]
[Result "0-1"]
[WhiteElo "2395"]
[BlackElo "2375"]

1.d4 g6 2.e4 Bg7 3.Nc3 d6 4.Nge2 Nf6 5.g3 O-O 6.Bg2 c5 7.h3 cxd4 8.Nxd4 Nc6
9.Nde2 Bd7 10.O-O Rc8 11.Be3 Qa5 12.a4 Ne5 13.b3 Nc6 14.Nd5 Ne8 15.Bd2 Qd8
16.Ra2 e6 17.Ne3 Qc7 18.c3 Nf6 19.c4 Rfd8 20.Bc3 Ne7 21.Qa1 e5 22.g4 Bc6
23.Ng3 Bh6 24.Bd2 Nd7 25.Nd5 Bxd5 26.Bxh6 Be6 27.Ne2 Nc6 28.Qc3 a5 29.Rd2 f6
30.Be3 g5 31.Qb2 Nc5 32.Rfd1 Qb6 33.Rxd6 Qxb3 34.Rxd8+ Rxd8 35.Rxd8+ Nxd8
36.Qd2 Nd7 37.Bxg5 Nc6 38.Be3 Qxc4 39.Bf3 Qxa4 40.Qd6 Qc4 41.Nc3 Nd4 42.Bxd4 exd4
43.Be2 Qc6 44.Qxd4 Qc5 45.Qd2 Kf7 46.Kg2 Ne5 47.Nb5 Qb4 48.Qf4 a4 49.g5 Qe7
50.Bh5+ Kg7 51.h4 Bd7 52.Nc7 Bc6 53.gxf6+ Qxf6 54.Qg3+ Kh6 55.Be2 Qg7 56.Qxg7+ Kxg7
57.Ne6+  0-1

[Event "Aarhus"]
[Site "Aarhus"]
[Date "1983.??.??"]
[Round "3"]
[White "Fries Nielsen, Jens Ove"]
[Black "Keene, Raymond D"]
[Result "0-1"]
[WhiteElo "2440"]
[BlackElo "2490"]

1.e4 g6 2.d4 Bg7 3.Nc3 d6 4.f4 Nf6 5.Nf3 O-O 6.Be3 Nbd7 7.h3 c5 8.d5 b5 9.Bxb5 Nxe4
10.Nxe4 Qa5+ 11.Nc3 Bxc3+ 12.bxc3 Qxb5 13.Nd2 Nb6 14.c4 Nxc4 15.Qe2 Ba6 16.Nxc4 Qxc4
17.Qxc4 Bxc4 18.Kf2 Bxd5 19.Rhb1 Rfb8 20.a4 Be4 21.Rxb8+ Rxb8 22.Ra2 Bd5  0-1

[Event "OHRA"]
[Site "Amsterdam"]
[Date "1983.??.??"]
[Round "?"]
[White "Hort, Vlastimil"]
[Black "Lobron, Eric"]
[Result "1-0"]
[WhiteElo "2595"]
[BlackElo "2480"]

1.e4 g6 2.d4 Bg7 3.Nc3 d6 4.Be3 a6 5.a4 Nf6 6.Qd2 Nc6 7.h3 O-O 8.Nf3 e5 9.d5 Ne7
10.g4 Bd7 11.a5 Qb8 12.Bg2 c6 13.dxc6 bxc6 14.O-O Re8 15.Rfe1 Nc8 16.Nh2 h5
17.Bf3 hxg4 18.hxg4 Be6 19.g5 Nh5 20.Ng4 Bxg4 21.Bxg4 Nf4 22.Bd7 Rf8 23.Bxc6 Ra7
24.Nd5 Rc7 25.Nxc7 Qxc7 26.Bd5 Qd8 27.Bxf4 exf4 28.Qxf4 Bxb2 29.Ra2 Bc3 30.Rd1 Kg7
31.Qe3 Bxa5 32.Qd4+ Kh7 33.Rd3 Qxg5+ 34.Kf1 Qc1+ 35.Kg2 Qg5+ 36.Rg3 Bb6 37.Rxg5 Bxd4
38.Rxa6 Kh6 39.Rg3 Nb6 40.Bb3 f5 41.exf5 Rxf5 42.Rh3+ Kg5 43.Rg3+ Kh5 44.Rh3+ Kg5
45.Rf3 Rb5 46.Rg3+ Kh6 47.Rh3+ Kg5 48.Rg3+ Kh6 49.f4 g5 50.Rd3 Bc5 51.Rh3+ Kg6
52.c4 Rb4 53.Bc2+ Kg7 54.Ra7+ Kg8 55.Bh7+ Kf8 56.fxg5  1-0

[Event "Birkenfeld Elo"]
[Site "Birkenfeld"]
[Date "1983.??.??"]
[Round "9"]
[White "Riefner, Edwin"]
[Black "Reinhardt, Bernd"]
[Result "1-0"]
[WhiteElo "2230"]
[BlackElo "2305"]

1.e4 g6 2.d4 Bg7 3.Nc3 d6 4.Be3 Nf6 5.f3 c6 6.Qd2 b5 7.a3 Nbd7 8.Bh6 Bxh6
9.Qxh6 Qb6 10.Qd2 Rb8 11.Nge2 a5 12.Nf4 b4 13.axb4 axb4 14.Nd1 g5 15.Ne2 g4
16.Ne3 gxf3 17.gxf3 Ba6 18.Rg1 Rg8 19.Rxg8+ Nxg8 20.Nf5 Ngf6 21.Qg5 c5 22.Nf4 Bxf1
23.Nd5 Nxd5 24.exd5 Nf6 25.Kxf1 Rb7 26.Re1 Kd8 27.Nxe7 Rxe7 28.Qxf6 Qc7 29.dxc5  1-0

[Event "Bor"]
[Site "Bor"]
[Date "1983.??.??"]
[Round "7"]
[White "Marjanovic, Slavoljub"]
[Black "Rukavina, Josip"]
[Result "1-0"]
[WhiteElo "2465"]
[BlackElo "2465"]

1.e4 g6 2.d4 Bg7 3.Nc3 d6 4.f4 Nf6 5.Nf3 O-O 6.Bd3 Na6 7.O-O c5 8.d5 Rb8
9.Kh1 Nc7 10.a4 a6 11.a5 b5 12.axb6 Rxb6 13.Qe1 Rb4 14.Nd1 e6 15.dxe6 Bxe6
16.Bd2 Rb8 17.c4 Bg4 18.Qg3 Bxf3 19.Qxf3 Ne6 20.Rxa6 Nd4 21.Qf2 Ra8 22.Rxa8 Qxa8
23.Nc3 Qb7 24.Rb1 Qb3 25.h3 Nd7 26.Qg1 Nb6 27.Qd1 Nxc4 28.Qxb3 Nxb3 29.Be1 Nb6
30.Nb5 Rd8 31.Bg3 Na4 32.Bh4 Rd7 33.Bc2 c4 34.Na3 d5 35.exd5 Nxb2 36.Nxc4 Nxc4
37.Rxb3 h6 38.f5 g5 39.Rb8+ Bf8 40.Be1 Rxd5 41.Bb4 Nd6 42.f6 Rd4 43.Kg1 Ne8  1-0

[Event "Bratislava"]
[Site "Bratislava"]
[Date "1983.??.??"]
[Round "14"]
[White "Donchev, Dimitar I"]
[Black "Smejkal, Jan"]
[Result "1/2-1/2"]
[WhiteElo "2455"]
[BlackElo "2560"]

1.e4 g6 2.d4 Bg7 3.Nc3 d6 4.f4 Nc6 5.Be3 Nf6 6.Nf3 O-O 7.d5 Nb8 8.Be2 c6
9.O-O cxd5 10.exd5 Nbd7 11.Kh1 Qa5 12.a3 Ng4 13.Bd4 Bxd4 14.Qxd4 Qb6 15.Qxb6 Nxb6
16.Nd4 Nf6 17.Rfe1 a6 18.Bf3 Re8 19.Ne4 Nfxd5 20.Nxd6 Rd8 21.Nxc8 Raxc8 22.c3 Rc7
23.g3 Na4 24.Bxd5 Rxd5 25.Re2 b5 26.Kg2 Nb6 27.Rae1 Kf8 28.Nc2 Na4 29.Ne3 Rd8
30.Rd1 Rxd1 31.Nxd1 Rd7 32.Nf2 e6 33.Rc2  1/2-1/2

[Event "Elekes mem-B"]
[Site "Budapest"]
[Date "1983.??.??"]
[Round "?"]
[White "Lanc, Alois"]
[Black "Seifert, Milan"]
[Result "1/2-1/2"]
[WhiteElo "2410"]
[BlackElo "2325"]

1.e4 g6 2.d4 Bg7 3.Nc3 d6 4.f4 Nc6 5.Be3 Nf6 6.Nf3 O-O 7.d5 Nb8 8.Qd2 c6
9.dxc6 Nxc6 10.Bd3 d5 11.Nxd5 Nxd5 12.exd5  1/2-1/2

[Event "Elekes mem-B"]
[Site "Budapest"]
[Date "1983.??.??"]
[Round "?"]
[White "Honfi, Karoly"]
[Black "Jenei, Ferenc"]
[Result "1/2-1/2"]
[WhiteElo "2395"]
[BlackElo "2200"]

1.e4 g6 2.d4 Bg7 3.Nc3 d6 4.Nge2 a6 5.g3 Nd7 6.Bg2 e6 7.O-O b5 8.e5 d5 9.a4 b4
10.Na2 Rb8 11.Bd2 a5 12.c3 b3 13.Nac1 c5 14.dxc5 Nxc5 15.Be3 Qc7 16.Nd4 Ba6
17.Re1 Ne7 18.Nb5 Bxb5 19.axb5 Rxb5 20.Bf1 Rb8 21.Bxc5 Qxc5 22.Nxb3 Qc7 23.Nd4 O-O
24.Qe2 Rfc8 25.Ra2 Qb6 26.Rea1 Nc6 27.Nxc6 Rxc6 28.Kg2 Rc5  1/2-1/2

[Event "Elekes mem-B"]
[Site "Budapest"]
[Date "1983.??.??"]
[Round "?"]
[White "Honfi, Karoly"]
[Black "Seifert, Milan"]
[Result "1/2-1/2"]
[WhiteElo "2395"]
[BlackElo "2325"]

1.e4 g6 2.d4 Bg7 3.Nc3 d6 4.g3 Nc6 5.d5 Nd4 6.Be3 c5 7.Qd2 a6 8.Nd1 Nb5 9.Bg2 Nf6
10.h3 O-O 11.Ne2 e6 12.c4 Nc7 13.Bh6 Bxh6 14.Qxh6 exd5 15.exd5 Re8 16.Ne3 b5
17.b3 bxc4 18.bxc4 Rb8 19.O-O Bd7 20.Rab1 Qe7 21.Qf4 Nh5 22.Qf3 Qf6 23.g4 Qxf3
24.Bxf3 Ng7 25.Nc3 f5 26.Kh2 Kf7 27.g5 a5 28.Kg3 a4 29.Rxb8 Rxb8 30.Rb1 Rb4
31.a3 Rb3 32.Rxb3 axb3 33.Kf4 Nge6+ 34.dxe6+ Nxe6+ 35.Kg3 f4+ 36.Kh4 fxe3
37.fxe3 b2 38.Be4 Ng7 39.Kg3 Bf5 40.Bxf5 Nxf5+ 41.Kf4 Ke6 42.Ke4 Nh4 43.Nb1 Kd7
44.Kf4 Nf5 45.Ke4 Nh4 46.Kf4  1/2-1/2

[Event "Elekes mem-A"]
[Site "Budapest"]
[Date "1983.??.??"]
[Round "?"]
[White "Fuesthy, Z."]
[Black "Zsinka, Laszlo"]
[Result "1-0"]
[WhiteElo "2200"]
[BlackElo "2360"]

1.e4 g6 2.d4 Bg7 3.Nc3 d6 4.f4 c6 5.Bc4 Nf6 6.e5 dxe5 7.fxe5 Nd5 8.Qf3 Be6
9.Ne4 Nc7 10.Bxe6 Nxe6 11.c3 Nd7 12.Nh3 O-O 13.Nhg5 Nxg5 14.Bxg5 f6 15.exf6 exf6
16.Bh4 g5 17.Bf2 f5 18.Ng3 Qe8+ 19.Kd1 Qg6 20.Qh5 Nf6 21.Qxg6 hxg6 22.Re1 Rfe8
23.Kc2 f4 24.Nf1 Ne4 25.Bg1 g4 26.Nd2 Nd6 27.Kd3 Bh6 28.Bf2 f3 29.gxf3 Bxd2
30.Kxd2 gxf3 31.Kd3 Kf7 32.Re3 Rxe3+ 33.Kxe3 Ke6 34.Kxf3 Rf8+ 35.Ke2 Kd5
36.Rg1 Ne4 37.Be3 Rh8 38.Kd3 Nf6 39.Rxg6 Ke6 40.Bg5 Rh3+ 41.Kc4 Kf5 42.Rxf6+ Kxg5
43.Rf7 b5+ 44.Kc5 Rxh2 45.Rxa7 Rxb2 46.Kxc6 Rc2 47.Kxb5 Rxc3 48.Rf7 Ra3 49.Rf2 Kg4
50.d5 Kg3 51.Rf7 Rxa2 52.d6 Rb2+ 53.Kc6 Rc2+ 54.Kb7  1-0